[Event "Reykjavik Open 2026"]
[Site "Reykjavik"]
[Date "2026.03.30"]
[Round "8.51"]
[White "Janssens, Carlo"]
[Black "Thorfinnsson, Bragi"]
[Result "0-1"]
[WhiteElo "2028"]
[WhiteFideId "217492"]
[BlackElo "2377"]
[BlackTitle "GM"]
[BlackFideId "2300958"]
[Variant "Standard"]

1. Nf3 d5 2. e3 Nf6 3. c4 c6 4. Nc3 a6 5. b3 b5 6. Bb2 Bg4 7. Be2 Nbd7 8. h3 Bh5 9. cxd5 cxd5 10. O-O e6 11. Rc1 Bd6 12. d4 Bxf3 13. Bxf3 O-O 14. Rc2 Nb6 15. Qd3 Qd7 16. Rfc1 Rfd8 17. Ne2 Nc8 18. g4 Ne7 19. Bg2 b4 20. f4 Qb5 21. Qd1 Ne4 22. Bf1 Qe8 23. Qe1 f5 24. Ng3 a5 25. Bd3 a4 26. bxa4 Rxa4 27. Bxe4 fxe4 28. Ba1 Rda8 29. Nf1 Rxa2 30. Rxa2 Rxa2 31. Qd1 Qb5 32. Rb1 Qe2 33. Qxe2 Rxe2 34. Bb2 g5 35. Bc1 Ng6 36. Ng3 Rc2 37. Nh5 Nh4 38. Nf6+ Kf7 39. Nxh7 Be7 40. Nxg5+ Bxg5 41. fxg5 Kg6 { White resigned. } 0-1

[Event "Reykjavik Open 2026"]
[Site "Reykjavik"]
[Date "2026.03.30"]
[Round "8.52"]
[White "Domalchuk-Jonasson, Aleksandr"]
[Black "Akhmetov, Kirill"]
[Result "1-0"]
[WhiteElo "2362"]
[WhiteFideId "14142805"]
[BlackElo "2028"]
[BlackFideId "40103412"]
[Variant "Standard"]

1. Nf3 d5 2. g3 Nd7 3. d4 Nb6 4. Bg2 Bf5 5. O-O e6 6. Nbd2 c6 7. b3 Bd6 8. c4 Nd7 9. Nh4 Bg4 10. f3 Bh5 11. e4 Be7 12. exd5 cxd5 13. cxd5 Nb6 14. d6 Qxd6 15. Ne4 Qd8 16. g4 Bxh4 17. gxh5 Nd5 18. Qe2 Be7 19. f4 Nh6 20. Ng3 g6 21. f5 Nxf5 22. Nxf5 gxf5 23. Qb5+ Qd7 24. Qxd7+ Kxd7 25. Bxd5 exd5 26. Rxf5 Rhg8+ 27. Kf2 Rac8 28. Rxd5+ Ke6 29. Re5+ Kd7 30. Bf4 Bf6 31. Rd5+ Ke6 32. Rd6+ Kf5 33. Kf3 Rgd8 34. Rxd8 Rxd8 35. Be3 Bxd4 36. Rd1 Ke5 37. h6 Bb6 38. Rxd8 Bxd8 39. Bxa7 Bg5 40. Be3 Be7 41. a4 Bb4 42. h3 f5 43. Bb6 Bd2 44. Be3 Bb4 45. h4 Be7 46. Bg5 Bb4 47. h5 Bf8 48. Be3 Bb4 49. Bc1 Bc3 50. Bg5 Bb4 51. Be3 Bf8 52. Bc1 Kd4 53. Bb2+ Kd5 54. Kf4 Ke6 55. Bg7 Bd6+ 56. Ke3 Kd5 57. Kd3 Bb4 58. Bb2 Bf8 59. Bc1 Bb4 60. Bf4 Ba5 61. Bc1 Bb4 62. Bg5 Ba5 63. Be7 Be1 64. b4 f4 65. Ke2 Bc3 66. Kf3 Ke5 67. b5 Kf5 68. Bd8 Bb4 69. a5 Bc5 70. a6 bxa6 71. bxa6 Bd4 72. Bh4 Ba7 73. Bf2 Bb8 74. a7 Bxa7 75. Bxa7 Kg5 76. Bb8 Kxh6 77. Kg4 f3 78. Bf4+ Kg7 79. Kxf3 Kf7 80. Kg4 Kf6 81. Bc1 Kf7 82. Kg5 Kg7 83. Bb2+ Kf7 84. Kh6 Kg8 85. Bg7 1-0

[Event "Reykjavik Open 2026"]
[Site "Reykjavik"]
[Date "2026.03.30"]
[Round "8.53"]
[White "Sivanandan, Bodhana"]
[Black "Bathula, Abhinav Reddy"]
[Result "1/2-1/2"]
[WhiteElo "2268"]
[WhiteFideId "497592"]
[BlackElo "2020"]
[BlackFideId "35005693"]
[Variant "Standard"]

1. e4 e6 2. d4 d5 3. Nd2 h6 4. Ngf3 Nf6 5. Bd3 c5 6. exd5 exd5 7. dxc5 Bxc5 8. O-O O-O 9. Nb3 Bd6 10. c3 Nc6 11. h3 a6 12. Re1 Ne4 13. Be3 Re8 14. Qc2 Qf6 15. Bd4 Nxd4 16. Nbxd4 Qf4 17. Qb3 Be6 18. Re2 Nc5 19. Qc2 Bd7 20. Rxe8+ Rxe8 21. Bf1 b5 22. Qd2 Qxd2 23. Nxd2 Na4 24. Rb1 Bc5 25. N2b3 Bb6 26. Bd3 g6 27. Kf1 Kg7 28. Ne2 f5 29. Nbd4 Bc7 30. Bc2 Nc5 31. Rd1 Kf6 32. Nc1 g5 33. Nd3 Nxd3 34. Rxd3 Bb6 35. Bb3 Rd8 36. Bxd5 Be8 37. Bf3 Bf7 38. b3 b4 39. Be2 bxc3 40. Nc2 Rxd3 41. Bxd3 a5 42. Ke2 Bd5 43. g3 Ke5 44. f3 h5 45. Ne1 Bg1 46. Bc2 Bh2 47. Kf2 f4 48. g4 Bg3+ 49. Ke2 Bxe1 50. Kxe1 Bxf3 51. gxh5 Bxh5 52. a3 Kd4 53. Kf2 Bf7 54. b4 axb4 55. axb4 Bd5 56. b5 Kc5 57. Bd3 Be6 58. Kf3 Bxh3 59. Ke4 Bf5+ 60. Kxf5 f3 61. Ke4 f2 62. Ke3 c2 63. Kd2 g4 64. Kxc2 g3 65. Bf1 g2 66. Bxg2 Kxb5 67. Kd2 f1=Q 68. Bxf1+ 1/2-1/2

[Event "Reykjavik Open 2026"]
[Site "Reykjavik"]
[Date "2026.03.30"]
[Round "8.54"]
[White "Teeuwen, Jos"]
[Black "Plaskan, Jure"]
[Result "0-1"]
[WhiteElo "2024"]
[WhiteFideId "1008897"]
[BlackElo "2237"]
[BlackFideId "14605252"]
[Variant "Standard"]

1. e4 c5 2. Nc3 a6 3. g3 Nc6 4. Nge2 g6 5. d4 cxd4 6. Nxd4 Bg7 7. Nxc6 bxc6 8. Bg2 h5 9. h3 d6 10. O-O Bd7 11. Qd3 Nf6 12. Bg5 Qc8 13. Kh2 Rb8 14. Rab1 Rb4 15. Qe2 Be6 16. Rfd1 O-O 17. a3 Bc4 18. Qe3 Rb7 19. Bh6 h4 20. Bxg7 hxg3+ 21. fxg3 Kxg7 22. e5 dxe5 23. Qxe5 Rh8 24. Ne4 Bd5 25. Nxf6 exf6 26. Qe2 Be6 27. h4 Qb8 28. Rd4 Rxb2 29. Rxb2 Qxb2 30. Ra4 c5 31. Rxa6 Rh5 32. Ra7 Qb8 33. Rb7 Rxh4+ 34. Kg1 Qxg3 35. Qxe6 Qh2+ 36. Kf1 Rf4+ 37. Ke1 Qg1+ 38. Kd2 Qxg2+ 39. Kc3 Qxb7 0-1

[Event "Reykjavik Open 2026"]
[Site "Reykjavik"]
[Date "2026.03.30"]
[Round "8.55"]
[White "Briem, Benedikt"]
[Black "Van De Steeg, Tim"]
[Result "1/2-1/2"]
[WhiteElo "2233"]
[WhiteFideId "2315432"]
[BlackElo "2002"]
[BlackFideId "40108112"]
[Variant "Standard"]

1. d4 Nf6 2. c4 g6 3. Nc3 d5 4. Nf3 Bg7 5. Bg5 Ne4 6. Bf4 Nxc3 7. bxc3 c5 8. e3 O-O 9. cxd5 cxd4 10. cxd4 Qxd5 11. Be2 Qa5+ 12. Qd2 Nc6 13. Qxa5 Nxa5 14. Kd2 Be6 15. Rhc1 Rfc8 16. Rc7 Rxc7 17. Bxc7 Nc4+ 18. Bxc4 Bxc4 19. Be5 f6 20. Bg3 Rd8 21. Ke1 Bd5 22. Rb1 Rc8 23. Kd2 b6 24. a3 Bf8 25. Ne1 1/2-1/2

[Event "Reykjavik Open 2026"]
[Site "Reykjavik"]
[Date "2026.03.30"]
[Round "8.56"]
[White "Thorisson, Benedikt"]
[Black "Vincenti, Leonardo"]
[Result "0-1"]
[WhiteElo "2003"]
[WhiteFideId "2314576"]
[BlackElo "2226"]
[BlackFideId "28550820"]
[Variant "Standard"]

1. e4 c5 2. Nf3 d6 3. d4 cxd4 4. Nxd4 Nf6 5. Nc3 a6 6. Be3 e5 7. Nb3 Be7 8. f3 Be6 9. Qd2 O-O 10. O-O-O Nbd7 11. g4 b5 12. g5 b4 13. Nd5 Nxd5 14. exd5 Bf5 15. h4 a5 16. Kb1 a4 17. Nc1 Qa5 18. Bd3 Bxd3 19. Qxd3 f5 20. gxf6 Bxf6 21. Qe4 Rfc8 22. Rh2 Qb5 23. Bg5 Nc5 24. Qg4 Rf8 25. Rg2 Bxg5 26. Qxg5 Ra7 27. Rdg1 Kh8 28. h5 Qc4 29. Qd2 b3 30. cxb3 axb3 31. a3 Rxf3 32. Rg4 Ne4 33. Qg2 Qxd5 34. Rxg7 Nd2+ 35. Qxd2 Qe4+ 36. Ka1 Rxg7 37. Rxg7 Kxg7 38. Qxd6 Rf1 39. Qd7+ Kh6 40. Qe6+ Kg5 41. Qe7+ Kg4 42. Qd7+ Kg3 43. Qg7+ Kh2 44. Qg5 Qf4 0-1

[Event "Reykjavik Open 2026"]
[Site "Reykjavik"]
[Date "2026.03.30"]
[Round "8.57"]
[White "Vojtek, Vladimir"]
[Black "Lonnqvist, Henrik"]
[Result "1-0"]
[WhiteElo "2211"]
[WhiteTitle "FM"]
[WhiteFideId "14901919"]
[BlackElo "2000"]
[BlackFideId "505137"]
[Variant "Standard"]

1. e4 c5 2. b3 Nc6 3. Bb2 e5 4. Bc4 Nf6 5. Nc3 g6 6. Nf3 Bg7 7. O-O O-O 8. Re1 d6 9. h3 a6 10. a3 b5 11. Bf1 Be6 12. d3 Rc8 13. Bc1 Qd7 14. Be3 Nd4 15. Ng5 Nh5 16. Nd5 Bxd5 17. exd5 h6 18. Ne4 f5 19. Nd2 f4 20. Bxd4 cxd4 21. Be2 Nf6 22. Ne4 h5 23. Nxf6+ Bxf6 24. Bf3 a5 25. Be4 Kg7 26. Kh2 Bg5 27. Qe2 Rf7 28. Bf3 Rc3 29. Ra2 Qc8 30. Rd1 Rfc7 31. Rd2 Kh6 32. Qd1 Qe8 33. Re2 Bf6 34. Kg1 Rg7 35. Re4 g5 36. Qe2 Qg6 37. g4 h4 38. a4 b4 39. Qd1 Rgc7 40. Re2 Qf7 41. Rd2 Be7 42. Be4 Bf6 43. Qf3 R7c5 44. Kg2 Be7 45. Qe2 Bf8 46. Bf3 Qg6 47. Ra1 Bg7 48. Re1 Bf6 49. Qd1 Qf7 50. Ree2 Qc7 51. Be4 Bg7 52. Kh2 Qf7 53. Qh1 Qe7 54. Qd1 f3 55. Bxf3 e4 56. Rxe4 Be5+ 57. Kg2 Rc7 58. Rde2 R3c5 59. Rxe5 dxe5 60. Qe1 Rxc2 61. Rxe5 Qf7 62. Re6+ Kh7 63. Qe4+ Kh8 64. Re8+ Kg7 65. d6 R7c3 66. Qe5+ 1-0

[Event "Reykjavik Open 2026"]
[Site "Reykjavik"]
[Date "2026.03.30"]
[Round "8.58"]
[White "Finke, Kelvin"]
[Black "Pleschke, Julius Jonas"]
[Result "0-1"]
[WhiteElo "1986"]
[WhiteFideId "3205495"]
[BlackElo "2208"]
[BlackFideId "54734258"]
[Variant "Standard"]

1. d4 Nf6 2. Bf4 e6 3. e3 c5 4. Nf3 b6 5. Nc3 cxd4 6. Nxd4 a6 7. Qf3 d5 8. Bxb8 Rxb8 9. Nc6 Qc7 10. Nxb8 Qxb8 11. Qg3 Qa7 12. Be2 b5 13. a3 g6 14. O-O Be7 15. b4 O-O 16. Rfb1 Bd7 17. Ra2 Rc8 18. Rb3 Be8 19. Bd3 a5 20. Qe5 a4 21. Rb1 Qb7 22. Ne2 Nd7 23. Qg3 Nf6 24. f4 Qb6 25. Nd4 Nh5 26. Qf2 Bf6 27. Nf3 Qc7 28. g3 Ng7 29. e4 dxe4 30. c4 exd3 31. c5 Bc6 32. Rd2 Rd8 33. Rbd1 Be4 34. Qe3 Qc6 35. Rxd3 Rxd3 36. Rxd3 Bxd3 37. Qxd3 Nf5 38. g4 Nd4 39. Nxd4 Qd5 40. Qxb5 Bxd4+ 41. Kf1 Qf3+ 0-1

[Event "Reykjavik Open 2026"]
[Site "Reykjavik"]
[Date "2026.03.30"]
[Round "8.59"]
[White "Oelschlaeger, Lennart"]
[Black "Matsumura, Cocoro"]
[Result "0-1"]
[WhiteElo "1984"]
[WhiteFideId "12996807"]
[BlackElo "2202"]
[BlackFideId "36087114"]
[Variant "Standard"]

1. e4 c5 2. Nf3 d6 3. d4 cxd4 4. Nxd4 Nf6 5. Nc3 a6 6. h3 h5 7. Bg5 e6 8. Be2 Be7 9. O-O Qc7 10. f4 Nbd7 11. Kh1 b5 12. a3 Bb7 13. Bf3 Rc8 14. Qd3 Qc4 15. Qe3 Ng4 16. hxg4 hxg4+ 17. Kg1 gxf3 18. Nxf3 f6 19. Bh4 d5 20. Bf2 Bc5 21. Nd4 Bxd4 22. Qxd4 Qxd4 23. Bxd4 e5 24. fxe5 fxe5 25. Bf2 d4 26. Nd5 Rxc2 27. Rac1 Rxc1 28. Rxc1 Kd8 29. Bg3 Rh6 30. Rf1 Bxd5 31. exd5 Ke7 32. Rd1 Rg6 33. Be1 Kd6 34. a4 bxa4 35. Ra1 Nc5 36. Bb4 Kxd5 37. Bxc5 Kxc5 38. Rxa4 Kb5 39. b3 Rf6 0-1

[Event "Reykjavik Open 2026"]
[Site "Reykjavik"]
[Date "2026.03.30"]
[Round "8.60"]
[White "Berg, Kurt Magnus"]
[Black "Birkisson, Bjorn Holm"]
[Result "0-1"]
[WhiteElo "1966"]
[WhiteFideId "1507389"]
[BlackElo "2200"]
[BlackFideId "2310600"]
[Variant "Standard"]

1. d4 Nf6 2. Nc3 d5 3. Bf4 a6 4. e3 h6 5. Bd3 c5 6. dxc5 Nc6 7. Na4 e5 8. Bg3 Bxc5 9. Nxc5 Qa5+ 10. c3 Qxc5 11. Ne2 e4 12. Bc2 Bg4 13. h3 Bxe2 14. Qxe2 O-O 15. O-O Rfe8 16. a4 Na5 17. Rfd1 Rac8 18. b4 Qxc3 19. bxa5 Qxc2 20. Qxc2 Rxc2 21. Rab1 Rec8 22. Rxb7 R8c5 23. Be5 Rxa5 24. Bxf6 gxf6 25. Rd4 Rc4 26. Rb4 Rac5 27. Rb6 Kg7 28. Rxa6 Rc1+ 29. Kh2 R5c2 30. Rxd5 Rxf2 31. Ra7 Rcc2 32. Kg3 Kg6 33. Kh4 Rxg2 34. Rdd7 Rc5 0-1

[Event "Reykjavik Open 2026"]
[Site "Reykjavik"]
[Date "2026.03.30"]
[Round "8.61"]
[White "Marie, Maxime"]
[Black "Berezovskii, Arina"]
[Result "1-0"]
[WhiteElo "2193"]
[WhiteFideId "625590"]
[BlackElo "1999"]
[BlackFideId "34449850"]
[Variant "Standard"]

1. Nf3 Nf6 2. c4 e6 3. e3 b6 4. b3 Bb7 5. Bb2 Be7 6. g3 O-O 7. Bg2 c5 8. O-O d5 9. cxd5 Nxd5 10. d4 cxd4 11. Nxd4 Nc6 12. Nd2 Rc8 13. Ne4 Ba6 14. Nxc6 Rxc6 15. Qd4 f6 16. Rfc1 Rxc1+ 17. Rxc1 Nb4 18. Bh3 e5 19. Qd7 Qxd7 20. Bxd7 Nd3 21. Be6+ Kh8 22. Rc7 Bb4 23. Bc3 Bxc3 24. Nxc3 Nc5 25. Rxa7 Rd8 26. b4 Nxe6 27. Rxa6 Rb8 28. Nd5 Ng5 29. Nxb6 Kg8 30. Kf1 Kf7 31. Ke2 e4 32. b5 Nf3 33. Nc4 Ke7 34. Nd6 Ng5 35. a4 Rd8 36. Nf5+ Kf7 37. Nd4 Rc8 38. Ra7+ Kg6 39. h4 Nh3 40. Kf1 Rc1+ 41. Kg2 Ng1 42. b6 Rb1 43. a5 f5 44. Rc7 Kf6 45. b7 Ke5 46. Rc5+ Kd6 47. Rb5 Rxb5 48. Nxb5+ 1-0

[Event "Reykjavik Open 2026"]
[Site "Reykjavik"]
[Date "2026.03.30"]
[Round "8.62"]
[White "Omarsson, Adam"]
[Black "Wall, Tim P"]
[Result "½-½"]
[WhiteElo "1961"]
[WhiteFideId "2311453"]
[BlackElo "2189"]
[BlackFideId "401641"]
[Variant "Standard"]

1. d4 Nf6 2. c4 e6 3. Nc3 Bb4 4. f3 Ba5 5. e4 d5 6. cxd5 exd5 7. e5 Nfd7 8. f4 c5 9. Nf3 Nc6 10. Be3 cxd4 11. Nxd4 O-O 12. Be2 Qh4+ 13. g3 Qh6 14. O-O Bxc3 15. bxc3 Ndxe5 16. Nc2 Nc4 17. Qxd5 Nxe3 18. Nxe3 Bh3 19. Rfe1 Qf6 20. Qf3 Qxc3 21. Rec1 Qd4 22. Rd1 Qb6 23. Rab1 Nd4 24. Qf2 Nxe2+ 25. Qxe2 Qe6 26. Rxb7 Rfe8 27. Rb3 Rad8 28. Rxd8 Rxd8 29. Qf3 f5 30. Qh5 Bg4 31. Qg5 Rc8 32. Nxg4 fxg4 33. Qe5 Rc1+ 34. Kf2 Rc2+ 35. Ke1 Qxe5+ 36. fxe5 Rxa2 37. e6 Kf8 38. Rb8+ Ke7 39. Rb7+ Kxe6 40. Rxg7 h5 41. Rh7 Ra5 42. Rh6+ Kf7 43. Kf2 a6 44. Rb6 Ke7 45. Rh6 Kd7 46. Rh7+ Kc6 47. Rh6+ Kc7 48. Rh7+ Kc6 49. Rh6+ Kc7 50. Rh7+ Kc6 ½-½

[Event "Reykjavik Open 2026"]
[Site "Reykjavik"]
[Date "2026.03.30"]
[Round "8.63"]
[White "Zhang, Jiabao"]
[Black "Dalhouse, Justin"]
[Result "½-½"]
[WhiteElo "2184"]
[WhiteFideId "8606560"]
[BlackElo "1989"]
[BlackFideId "30902894"]
[Variant "Standard"]

1. c4 Nf6 2. Nf3 g6 3. b3 Bg7 4. Bb2 O-O 5. g3 c5 6. Bg2 d6 7. O-O e5 8. d3 Nc6 9. Nbd2 Bd7 10. e3 Qc8 11. Re1 Nb4 12. Nf1 Bf5 13. e4 Bg4 14. Ne3 Nc6 15. Nxg4 Qxg4 16. Nh4 Qxd1 17. Raxd1 Bh6 18. f4 Nd4 19. Bc1 Nh5 20. f5 Bxc1 21. Rxc1 g5 22. Nf3 Nxf3+ 23. Bxf3 Nf6 24. a3 a5 ½-½

[Event "Reykjavik Open 2026"]
[Site "Reykjavik"]
[Date "2026.03.30"]
[Round "8.64"]
[White "Carey, Michael"]
[Black "Lyutsinger, Iren"]
[Result "0-1"]
[WhiteElo "1929"]
[WhiteFideId "30923760"]
[BlackElo "2182"]
[BlackTitle "FM"]
[BlackFideId "34425969"]
[Variant "Standard"]

1. Nf3 Nf6 2. c4 g6 3. d4 Bg7 4. g3 O-O 5. Bg2 d6 6. Nc3 Nbd7 7. O-O e5 8. e4 exd4 9. Nxd4 Re8 10. h3 Nc5 11. Re1 Bd7 12. f3 Ne6 13. Be3 Nh5 14. Nde2 f5 15. Qd2 Nxg3 16. Nxg3 f4 17. Bf2 fxg3 18. Bxg3 g5 19. Nd5 Be5 20. Bxe5 dxe5 21. Rad1 Nd4 22. Qf2 c6 23. Ne3 Qf6 24. c5 b6 25. Qg3 Be6 26. h4 h6 27. Ng4 Bxg4 28. Qxg4 Rad8 29. cxb6 axb6 30. hxg5 Qxg5 31. Qxg5+ hxg5 32. Kf2 Kg7 33. Rh1 Rh8 34. Rxh8 Rxh8 35. Rd3 Ra8 36. a3 Kf6 37. Bh3 Rh8 38. Bg2 Ke6 39. Rd1 Kd6 40. Rc1 b5 41. Rd1 Kc5 42. Rc1+ Kb6 43. b4 Kc7 44. Rc5 Kd6 45. Rc3 Rf8 46. Bh3 Rh8 47. Bg2 Ne6 48. Rd3+ Kc7 49. Rd1 Nf4 50. Kg3 Ra8 51. Ra1 c5 52. Rh1 c4 53. Rh7+ Kd6 54. Rh6+ Ke7 55. Rb6 c3 56. Rc6 Kd7 57. Rc5 Rc8 58. Bh3+ Nxh3 59. Rd5+ Ke6 { White resigned. } 0-1

[Event "Reykjavik Open 2026"]
[Site "Reykjavik"]
[Date "2026.03.30"]
[Round "8.65"]
[White "Burg, Brent"]
[Black "Bjarnason, Snorri Vikanes"]
[Result "1-0"]
[WhiteElo "2169"]
[WhiteFideId "1019465"]
[BlackElo "1988"]
[BlackFideId "1539833"]
[Variant "Standard"]

1. e4 e6 2. d4 d5 3. Bd3 dxe4 4. Bxe4 Nf6 5. Bf3 c5 6. Ne2 Be7 7. O-O O-O 8. Nbc3 Nbd7 9. Re1 cxd4 10. Nxd4 a6 11. Bf4 Bb4 12. Qd3 Re8 13. Bg3 e5 14. Nb3 Qc7 15. Re3 Nf8 16. Nd5 Nxd5 17. Bxd5 Ng6 18. Qe4 Bf8 19. h4 Kh8 20. Rc3 Qd7 21. h5 f5 22. Qc4 f4 23. hxg6 fxg3 24. Rxg3 Rd8 25. Rd3 Qe7 26. gxh7 Bf5 27. Be4 Be6 28. Qc3 Rxd3 29. cxd3 Bg4 30. Rc1 Rc8 31. Qxc8 Bxc8 32. Rxc8 g5 33. Nc5 Kg7 34. Rxf8 1-0

[Event "Reykjavik Open 2026"]
[Site "Reykjavik"]
[Date "2026.03.30"]
[Round "8.66"]
[White "Bech, Havard Eriksen"]
[Black "Homer, Stephen J"]
[Result "1-0"]
[WhiteElo "2161"]
[WhiteFideId "1564684"]
[BlackElo "1979"]
[BlackFideId "410322"]
[Variant "Standard"]

1. Nf3 d5 2. d4 Nf6 3. c4 dxc4 4. e3 e6 5. Bxc4 a6 6. O-O b5 7. Bd3 Bb7 8. a4 b4 9. Nbd2 Nbd7 10. a5 Be7 11. Nc4 O-O 12. b3 c5 13. Bb2 cxd4 14. Bxd4 Qb8 15. h3 Rd8 (15... Nd5 16. Qe2 Bc5) 16. Qe2 Bc5 17. Bb2 Qa7 18. Rac1 Rac8 19. Rfd1 h6 20. Bb1 Qb8 21. Nfe5 Be7 22. Nxd7 Nxd7 23. Qg4 Nf6 24. Qe2 Rxd1+ 25. Rxd1 Rc5 26. e4 Qf4 27. Bc1 Qh4 28. Be3 Rh5 29. Nd6 Bxd6 30. Rxd6 Nxe4 31. Rb6 Nc3 32. Qf3 Nxb1 33. Rxb7 Rf5 34. Qc6 Qh5 35. g4 Qg6 36. Qe8+ Kh7 37. Rb8 Qf6 38. Qh8+ Kg6 39. gxf5+ Kxf5 40. Qh7+ g6 41. Qxh6 Ke4 42. Rxb4+ 1-0

[Event "Reykjavik Open 2026"]
[Site "Reykjavik"]
[Date "2026.03.30"]
[Round "8.67"]
[White "Heyl, Thomas"]
[Black "Jonsson, Gauti Pall"]
[Result "0-1"]
[WhiteElo "1926"]
[WhiteFideId "4623371"]
[BlackElo "2154"]
[BlackFideId "2309092"]
[Variant "Standard"]

1. c4 e5 2. Nc3 Nf6 3. Nf3 e4 4. Ng5 c6 5. Ngxe4 Nxe4 6. Nxe4 d5 7. cxd5 cxd5 8. Ng3 h5 9. e3 h4 10. Ne2 Nc6 11. d4 Bb4+ 12. Bd2 Bd6 13. h3 Bf5 14. Nc3 Nb4 15. Qa4+ Kf8 16. Ne4 b5 17. Bxb5 Nc2+ 18. Qxc2 Bxe4 19. Bd3 Bxg2 20. Rg1 Rc8 21. Bc3 Bxh3 22. Bf5 Bxf5 23. Qxf5 Be7 24. Kd2 Rc6 25. f4 Rhh6 26. Rg2 h3 27. Rh2 Rcf6 28. Qg4 Rfg6 29. Qf3 Qb6 30. Qxd5 Bb4 31. Qa8+ Ke7 32. Rc1 Rc6 33. Qxc6 Rxc6 0-1

[Event "Reykjavik Open 2026"]
[Site "Reykjavik"]
[Date "2026.03.30"]
[Round "8.68"]
[White "Liang, Hairan"]
[Black "Zuiderweg, Edwin"]
[Result "1-0"]
[WhiteElo "2150"]
[WhiteFideId "2620278"]
[BlackElo "1977"]
[BlackFideId "1012207"]
[Variant "Standard"]

1. d4 Nf6 2. Nc3 d5 3. Bf4 a6 4. e3 Bf5 5. Nf3 h6 6. Ne5 e6 7. g4 Bh7 8. h4 Nfd7 9. Bd3 Bxd3 10. cxd3 c5 11. dxc5 Bxc5 12. d4 Be7 13. Qf3 Nxe5 14. Bxe5 Bf6 15. Bg3 Nc6 16. O-O-O g6 17. h5 g5 18. e4 Nxd4 19. Qe3 dxe4 20. Nxe4 Qc8+ 21. Kd2 Qd8 22. Nxf6+ Qxf6 23. Kc1 Nc6 24. f4 O-O 25. fxg5 Qxg5 26. Bf4 Qa5 27. Bxh6 Rfc8 28. Kb1 Rd8 29. Rc1 Qe5 30. Qf2 Nb4 31. Rhf1 Rd7 32. Qf3 Qd5 33. Qxd5 Nxd5 34. Rf3 f6 35. Re1 e5 36. Bc1 Kg7 37. g5 Re8 38. g6 e4 39. Rg3 e3 40. h6+ Kxh6 41. Rh1+ Kg7 42. Rh7+ Kg8 43. Rxd7 e2 44. Bd2 e1=Q+ 45. Bxe1 Rxe1+ 46. Kc2 Re5 47. g7 Ne3+ 48. Kd3 Rd5+ 49. Rxd5 Nxd5 50. Kd4 Ne7 51. Kc5 Kf7 52. Kb6 1-0

[Event "Reykjavik Open 2026"]
[Site "Reykjavik"]
[Date "2026.03.30"]
[Round "8.69"]
[White "Decosse, Jean-Fabien"]
[Black "Vedant, Nayudu"]
[Result "0.5-0.5"]
[WhiteElo "2133"]
[WhiteFideId "622583"]
[BlackElo "1975"]
[BlackFideId "33369780"]
[Variant "Standard"]

1. d4 d5 2. c4 e6 3. Nc3 Nf6 4. cxd5 exd5 5. Bg5 c6 6. e3 h6 7. Bh4 Be7 8. Bd3 O-O 9. Qc2 Ne8 10. Bxe7 Qxe7 11. Nf3 Nd6 12. O-O Nd7 13. Rab1 Nb6 14. Ne5 Nbc4 15. Bxc4 Nxc4 16. Nxc4 dxc4 17. Ne2 b5 18. b3 g6 19. e4 Re8 20. f3 Be6 21. Nf4 cxb3 22. axb3 Qd6 23. Nxe6 Rxe6 24. Rfd1 a5 25. d5 cxd5 26. Rxd5 Qb6+ 27. Kh1 Rd6 28. Qd2 Rxd5 29. exd5 h5 30. d6 Rd8 31. d7 Qc7 32. Rd1 a4 33. bxa4 bxa4 34. h3 a3 35. Qe2 a2 36. Qxa2 Rxd7 37. Re1 Re7 38. Rb1 Re8 39. Qd5 Qc6 40. Kh2 Qc3 41. Kh1 Qc6 42. Kh2 0.5-0.5

[Event "Reykjavik Open 2026"]
[Site "Reykjavik"]
[Date "2026.03.30"]
[Round "8.70"]
[White "Schuurmans, Arjan"]
[Black "Bartczak, Korneliusz"]
[Result "0.5-0.5"]
[WhiteElo "1913"]
[WhiteFideId "1084763"]
[BlackElo "2120"]
[BlackFideId "2523558"]
[Variant "Standard"]

1. e4 c6 2. d4 d5 3. exd5 cxd5 4. Bd3 Nc6 5. c3 Nf6 6. Bf4 Bg4 7. Qb3 Qd7 8. Nd2 e6 9. Ngf3 Bd6 10. Bxd6 Qxd6 11. O-O O-O 12. Rae1 Bxf3 13. Nxf3 Nd7 14. Qc2 g6 15. Qd2 Kg7 16. Qe3 Rab8 17. Ne5 Ncxe5 18. dxe5 Qc5 19. f4 b5 20. Rf3 a5 21. Rg3 b4 22. c4 dxc4 23. Qxc5 Nxc5 24. Bxc4 Rfd8 25. Rf3 Rd2 26. Rf2 Rbd8 27. Bb5 R8d4 28. g3 h5 29. Kf1 h4 30. Rxd2 Rxd2 31. Re2 Rd4 32. Kf2 hxg3+ 33. hxg3 Rd5 34. Ke3 Nd7 35. Bxd7 Rxd7 36. Rc2 Rd1 37. b3 Rd5 38. Rc8 g5 39. Rc7 Kg6 40. Ke2 gxf4 41. gxf4 f6 42. exf6 Kxf6 43. Ke3 Rh5 44. Ra7 Rh3+ 45. Ke4 Rh5 46. Ra6 Rd5 47. Ra7 0.5-0.5

[Event "Reykjavik Open 2026"]
[Site "Reykjavik"]
[Date "2026.03.30"]
[Round "8.71"]
[White "Brodtkorb, Lars Johan"]
[Black "Vitale, Romualdo"]
[Result "1-0"]
[WhiteElo "2118"]
[WhiteFideId "1522728"]
[BlackElo "1975"]
[BlackFideId "862134"]
[Variant "Standard"]

1. d4 d5 2. Nf3 c5 3. c4 e6 4. cxd5 exd5 5. g3 Nf6 6. Bg2 Nc6 7. O-O c4 8. Nc3 Be7 9. Bg5 O-O 10. e3 Be6 11. Nd2 b5 12. Qf3 Qa5 13. Bxf6 Bxf6 14. a4 Ne7 15. axb5 Qb4 16. Rfb1 Bf5 17. Nxd5 Qxb5 18. Nxf6+ gxf6 19. e4 Bg6 20. Qxf6 Qb4 21. Nf1 Rfc8 22. Ne3 Rc6 23. Nd5 Rxf6 24. Nxb4 Rb8 25. Na6 Rd8 26. Rd1 Rb6 27. Rd2 Nc6 28. d5 Ne5 29. Nc5 Rc8 30. Na4 Rb4 31. f4 Nd3 32. d6 f6 33. Nc3 Rd8 34. Nd5 Rxb2 35. Rxb2 Nxb2 36. Nxf6+ Kf7 37. e5 Ke6 38. Bd5+ Kf5 39. Rf1 h5 40. Be4+ Ke6 41. Bxg6 c3 42. Re1 c2 43. f5# 1-0

[Event "Reykjavik Open 2026"]
[Site "Reykjavik"]
[Date "2026.03.30"]
[Round "8.72"]
[White "Jukes, Sam"]
[Black "Baert, Andy"]
[Result "1-0"]
[WhiteElo "1905"]
[WhiteFideId "1803182"]
[BlackElo "2117"]
[BlackFideId "200107"]
[Variant "Standard"]

1. e4 c5 2. Nf3 d6 3. d4 cxd4 4. Nxd4 Nf6 5. Nc3 a6 6. g3 e6 7. Be3 b5 8. a3 Nbd7 9. Qd2 Qc7 10. g4 Nb6 11. g5 Nfd7 12. f4 Bb7 13. Bd3 Rc8 14. O-O-O Nc4 15. Bxc4 Qxc4 16. Nb3 b4 17. axb4 Qxb4 18. Kb1 a5 19. Nc1 Bxe4 20. Nxe4 Qxe4 21. Rhe1 Qb4 22. f5 Qxd2 23. Bxd2 Ne5 24. fxe6 fxe6 25. Bxa5 Be7 26. Bb4 Rc6 27. Nd3 Nxd3 28. Rxd3 Kd7 29. Bc3 Bxg5 30. Rg1 Bf6 31. Bxf6 gxf6 32. Rg7+ Kd8 33. Ra3 e5 34. Ra8+ Rc8 1-0